书目信息 |
| 题名: |
物理学手册
|
|
| 作者: | 亚沃尔斯基 著 ;宓木梁 译 | |
| 分册: | ||
| 出版信息: | 北京 科学出版社 1986.7 |
|
| 页数: | 926页 | |
| 开本: | 20cm | |
| 丛书名: | ||
| 单 册: | ||
| 中图分类: | O4-62 | |
| 科图分类: | ||
| 主题词: | 物理学--手册 | |
| 电子资源: | ||
| ISBN: | ||
| 000 | 00592nam0 2200205 45 | |
| 001 | 0312221749 | |
| 005 | 20070726082848.06 | |
| 010 | @dCNY7.50@b精装 | |
| 091 | @a13031.3199 | |
| 100 | @a20031222d1986 km y0chiy0120 ea | |
| 101 | @achi@crus | |
| 200 | 1 | @a物理学手册@AWu Li Xue Shou Ce@f(苏)В·м·亚沃尔斯基等著@F(Su)В·м·Ya Wo Er Si Ji Deng Zhu@g宓木梁等译 |
| 210 | @a北京@c科学出版社@d1986.7 | |
| 215 | @a926页@d20cm | |
| 606 | 0 | @a物理学@x手册 |
| 690 | @aO4-62@v3 | |
| 701 | 0 | @a亚沃尔斯基@4著 |
| 702 | 0 | @a宓木梁@4译 |
| 801 | @aCN@bTSTCL@c20070726 | |
| 905 | @dO4-62@e144@f1@b157687 | |
| 物理学手册/(苏)В·м·亚沃尔斯基等著/宓木梁等译.-北京:科学出版社,1986.7 |
| 926页;20cm |
| ISBN (精装):CNY7.50 |
| ● |
| 相关链接 |
|
|
|
|
正题名:物理学手册
索取号:O4-62/144
 
预约/预借
| 序号 | 登录号 | 条形码 | 馆藏地/架位号 | 状态 | 备注 |
| 1 | 0157684 | 000556151 | 工具书阅览室/ [索取号:O4-62/144] | 在馆 | |
| 2 | 0157685 | 000556197 | 密集书库/ [索取号:O4-62/144] | 在馆 | |
| 3 | 0157687 | 001971806 | 密集书库/ [索取号:O4-62/144] | 在馆 | |
| 4 | 0157688 | 202103561 | 第二样本阅览室/ [索取号:O4-62/144] | 在馆 | |
| 5 | 0785144 | 207851449 | 工具书阅览室/ [索取号:O4-62/144] | 在馆 |